Vytvorenie inteligentného agenta subsymbolickým prístupom umelej inteligencie /

Guardado en:
Detalles Bibliográficos
Autor principal: Varga, Ľubomír, 1985- (Autor)
Otros Autores: Lacko, Peter, 1980- (Orientador)
Formato: Manuscrito Libro
Lenguaje:eslovaco
Publicado: Bratislava STU v Bratislave FIIT
Etiquetas: Agregar Etiqueta
Sin Etiquetas, Sea el primero en etiquetar este registro!

MARC

LEADER 00000ntm a22000003a 4500
001 0031200
003 SK-STU
005 20180214152000.9
007 ta
008 180214s2018----xo-----f-mn---000-0-slo-d
040 |a STU  |b slo 
041 0 |a slo 
044 |a xo  |c SK 
100 1 |a Varga, Ľubomír,  |d 1985-  |4 aut  |X 20970  |7 A000020970 
245 1 0 |a Vytvorenie inteligentného agenta subsymbolickým prístupom umelej inteligencie /  |c aut. Ľubomír Varga ; škol. Peter Lacko 
260 |a Bratislava  |b STU v Bratislave FIIT 
300 |a 45 s.  |e CD 
530 |a stu_us_auth*0050648 
700 1 |a Lacko, Peter,  |d 1980-  |u 070200  |r Z1  |4 ths  |U FIIT Fakulta informatiky a informačných technológií  |T FIIT Ústav informatiky, informačných systémov a softvérového inžinierstva  |X 1780  |U I200  |Y 179  |7 1780 
996 |c I* BAP183/07  |l II680  |s P  |a 0  |w 0031200_0002